Highest Grossing Movies of 2020 - Statistics

General Stats
  • This quiz has been taken 6 times
  • The average score is 4 of 10
Answer Stats
Director Gross Film % Correct
Christopher Nolan $363,656,624 Tenet
100%
Adil El Arbi & Bilall Fallah $426,505,244 Bad Boys for Life
50%
Stephen Gaghan $245,521,062 Dolittle
50%
Jeff Fowler $319,715,683 Sonic the Hedgehog
50%
Han Yan $238,600,000 A Little Red Flower
25%
Haruo Sotozaki $503,048,471 Demon Slayer: Mugen Train
25%
Cheng Teng & Li Wei $240,661,689 Jiang Ziya
25%
Ning Hao, Chen Sicheng, Chao Deng, Da-Mo Peng, Ao Shen, Xu Zheng, Fei Yan & Baimei Yu $433,241,288 My People, My Homeland
25%
Herman Yau $226,320,000 Shock Wave 2
25%
Guan Hu $472,000,000 The Eight Hundred
25%
No matching quizzes found
Score Distribution
Percent of People with Each Score
Percentile by Number Answered
Your Score History
You have not taken this quiz